Review of Ghana law. (Record no. 225)
[ view plain ]
| 000 -LEADER | |
|---|---|
| fixed length control field | 00539cas a2200193 a 4500 |
| 001 - CONTROL NUMBER | |
| control field | 11169022 |
| 005 - DATE AND TIME OF LATEST TRANSACTION | |
| control field | 20241025185329.0 |
| 008 - FIXED-LENGTH DATA ELEMENTS--GENERAL INFORMATION | |
| fixed length control field | 730724u1969uuuugh gr p gv 0 a0eng |
| 050 00 - LIBRARY OF CONGRESS CALL NUMBER | |
| Classification number | K18 |
| Item number | .E95 |
| 082 04 - DEWEY DECIMAL CLASSIFICATION NUMBER | |
| Classification number | 340/.05 |
| 245 00 - TITLE STATEMENT | |
| Title | Review of Ghana law. |
| 260 ## - PUBLICATION, DISTRIBUTION, ETC. | |
| Place of publication, distribution, etc. | Accra : |
| Name of publisher, distributor, etc. | General Legal Council |
| 300 ## - PHYSICAL DESCRIPTION | |
| Extent | viii, 310 pages; |
| Dimensions | 25 cm |
| 650 #0 - SUBJECT ADDED ENTRY--TOPICAL TERM | |
| Topical term or geographic name entry element | Law |
| Geographic subdivision | Ghana |
| Form subdivision | Periodicals. |
| 650 #7 - SUBJECT ADDED ENTRY--TOPICAL TERM | |
| Topical term or geographic name entry element | Law. |
| Source of heading or term | fast |
| Authority record control number or standard number | (OCoLC)fst00993678 |
| 710 2# - ADDED ENTRY--CORPORATE NAME | |
| Corporate name or jurisdiction name as entry element | General Legal Council (Ghana) |
| 710 2# - ADDED ENTRY--CORPORATE NAME | |
| Corporate name or jurisdiction name as entry element | Council for Law Reporting (Ghana) |
| 942 ## - ADDED ENTRY ELEMENTS (KOHA) | |
| Source of classification or shelving scheme | Library of Congress Classification |
| Koha item type | Books |
| Suppress in OPAC | No |
| 999 ## - | |
| -- | 225 |
| -- | 225 |
| Withdrawn status | Lost status | Source of classification or shelving scheme | Damaged status | Not for loan | Home library | Current library | Shelving location | Date acquired | Total checkouts | Full call number | Barcode | Date last seen | Copy number | Price effective from | Koha item type | Collection |
|---|---|---|---|---|---|---|---|---|---|---|---|---|---|---|---|---|
| Library of Congress Classification | Law Library (Miotso) | Law Library (Miotso) | Reference | 10/25/2024 | RGL83-86 VOL XV | LLM00000281 | 10/26/2024 | 2 | 10/25/2024 | Books | Non-fiction | |||||
| Library of Congress Classification | Law Library (Miotso) | Law Library (Miotso) | Reference | 10/25/2024 | RGL91-92 VOL XVIII | LLM00000282 | 10/26/2024 | 3 | 10/25/2024 | Books | Non-fiction | |||||
| Library of Congress Classification | Law Library Annex (Miotso) | Law Library Annex (Miotso) | Reference | 10/25/2024 | RGL06-10 VOL XX11 | LLM00000112 | 10/25/2024 | 1 | 10/25/2024 | Books |